|
|
|
|
| LEADER |
00604nam a22001691a 4500 |
| 020 |
|
|
|a 9788188582211
|
| 082 |
|
|
|a M803
|b JAY/J
|
| 245 |
|
|
|a Jeevitham enne enthu padippichu?/
|c by Jayachandran T N (comp.)
|
| 260 |
|
|
|a Thrissur:
|b Green Books,
|c 2015.
|
| 300 |
|
|
|a 159p.
|
| 650 |
|
|
|a Memoirs Malayalam
|9 108036
|
| 650 |
|
|
|a Literature Malayalam
|9 108037
|
| 650 |
|
|
|a Literature
|9 108038
|
| 700 |
|
|
|a Jayachandran T N (comp.)
|9 108039
|
| 942 |
|
|
|c BK
|
| 999 |
|
|
|c 140917
|d 140917
|
| 952 |
|
|
|0 0
|1 0
|4 0
|6 M_803_000000000000000_JAY_J
|7 0
|9 97167
|a SSUS
|b SSUS
|c STACKS
|d 2019-02-04
|g 140.00
|o M803 JAY/J
|p 093190
|r 2019-02-04
|w 2019-02-04
|y BK
|